[Event "Peace Tournament 2019"]
[Site "Zagreb"]
[Date "2019.11.26"]
[Round "7.5"]
[White "Cheparinov, Ivan"]
[Black "Nisipeanu, Liviu-Dieter"]
[Result "1/2-1/2"]
[WhiteElo "2679"]
[BlackElo "2656"]
[Annotator "TA"]
[PlyCount "36"]
[EventDate "2019.11.19"]
[EventType "tourn"]
[EventCountry "CRO"]
[SourceTitle "playchess.com"]
[Source "ChessBase"]
[SourceQuality "1"]

{[%evp 11,36,25,32,17,38,23,48,46,47,57,61,26,87,70,87,7,19,0,0,0,0,-19,-2,-12,-17,-19,-20]} 1. d4 d5 2. Nf3 Nf6 3. c4 dxc4 4. e3 e6 5. Bxc4 c5 6. O-O a6 7. Re1 {D27: Queen's Gambit Accepted: Classical main line: 7 e4!? and 7 a4} (7. b3 cxd4 8. Nxd4 Be7 9. Bb2 O-O 10. Nd2 b5 11. Be2 Bb7 12. a4 Nc6 13. Bf3 Nd5 14. axb5 Nxd4 15. Bxd4 axb5 16. Ne4 b4 17. Qd2 {½-½ (38) So,W (2763)-Mamedyarov,S (2765) Riga 2019}) 7... Qc7 $146 ({Predecessor:} 7... b5 8. Bf1 Bb7 9. a4 b4 10. Nbd2 Be7 11. e4 cxd4 12. e5 Nfd7 13. Nc4 Nc6 14. Bf4 O-O 15. Nxd4 {1-0 (24) Predke,A (2657)-Idani,P (2586) Linares 2019}) 8. Bd3 Nc6 9. Nc3 {White is slightly better.} Be7 10. dxc5 Bxc5 11. Bd2 Ne5 (11... Be7 $11 {remains equal.}) 12. Nxe5 $16 Qxe5 13. Qf3 (13. Qc2 $16) 13... Bd7 {The position is equal.} 14. e4 Bc6 15. Bf4 Qh5 16. Qg3 Qg4 17. Be3 Qxg3 18. hxg3 Bxe3 {Accuracy: White = 29%, Black = 41%.} 1/2-1/2

[Event "Peace Tournament 2019"]
[Site "Zagreb"]
[Date "2019.11.26"]
[Round "7.6"]
[White "Bacrot, Etienne"]
[Black "Ragger, Markus"]
[Result "1/2-1/2"]
[WhiteElo "2669"]
[BlackElo "2669"]
[Annotator "TA"]
[PlyCount "43"]
[EventDate "2019.11.19"]
[EventType "tourn"]
[EventCountry "CRO"]
[SourceTitle "playchess.com"]
[Source "ChessBase"]
[SourceQuality "1"]

{[%evp 12,43,10,7,13,2,10,10,15,18,14,0,0,0,0,0,0,0,0,0,0,0,0,0,0,0,0,0,0,0,0,0,0,0]} 1. e4 c5 2. Nf3 d6 3. d4 cxd4 4. Nxd4 Nf6 5. Nc3 a6 6. h3 e5 7. Nb3 {The position is equal.} Be7 {B90: Sicilian Najdorf: Unusual White 6th moves, 6 Be3 Ng4 and 6 Be3 e5} (7... Be6 8. f4 g6 9. Be2 Nbd7 10. g4 Rc8 11. f5 Bxb3 12. axb3 Rxc3 13. bxc3 Nxe4 14. O-O Qh4 15. Bf3 gxf5 16. Bxe4 fxe4 {½-½ (53) Caruana,F (2818)-Vachier Lagrave,M (2778) Saint Louis 2019}) 8. g4 h6 9. Be3 Nbd7 10. a4 Nf8 11. Qd2 Ng6 12. O-O-O Be6 13. f3 Nd7 $146 ({Predecessor:} 13... Rc8 14. h4 Nd7 15. h5 {½-½ (38) Williamson,H (2537)-Punzon Moraleda,J (2485) ICCF email 2016}) 14. Nd5 Bxd5 15. Qxd5 Qc7 16. Qc4 Qd8 17. Kb1 Rc8 18. Qd5 Qc7 19. c3 O-O 20. Qa5 Qc6 21. Qb4 Qc7 22. Qa5 {Accuracy: White = 87%, Black = 74%.} 1/2-1/2

[Event "Peace Tournament 2019"]
[Site "Zagreb"]
[Date "2019.11.27"]
[Round "8.1"]
[White "Bosiocic, Marin"]
[Black "Ragger, Markus"]
[Result "1-0"]
[WhiteElo "2598"]
[BlackElo "2669"]
[Annotator "TA"]
[PlyCount "129"]
[EventDate "2019.11.19"]
[EventType "tourn"]
[EventCountry "CRO"]
[SourceTitle "playchess.com"]
[Source "ChessBase"]
[SourceQuality "1"]

{[%evp 20,129,35,33,43,16,16,3,3,14,7,0,0,0,0,0,0,0,0,0,77,60,62,62,64,77,66,16,16,16,16,16,16,15,22,16,75,24,87,82,77,76,78,77,99,89,86,91,94,30,48,30,31,30,36,30,77,70,108,104,150,149,133,133,231,232,237,203,227,225,221,220,356,356,331,226,233,225,307,232,498,495,443,458,428,428,460,420,520,520,520,520,520,520,550,516,508,504,843,794,1142,733,2063,1953,12849,12826,9611,9681,5378,5106,5077,5069]} 1. d4 Nf6 2. c4 g6 3. Nc3 d5 4. cxd5 Nxd5 5. e4 Nxc3 6. bxc3 Bg7 7. Nf3 c5 8. Be3 Qa5 9. Qd2 O-O 10. Rc1 Bg4 11. d5 b5 {D85: Exchange Grünfeld: Unusual White 7th moves and lines with 7 Nf3} 12. Be2 Nd7 13. O-O Rac8 {The position is equal.} (13... Bxf3 14. Bxf3 c4 15. Be2 Rfd8 16. f4 Nb6 17. Bf3 Qa3 18. h4 e6 19. h5 {1-0 (34) Carlsen,M (2875)-Grischuk,A (2775) Stavanger 2019}) 14. h3 Bxf3 $1 15. Bxf3 c4 $146 ({Predecessor:} 15... Qa4 16. Bg4 Rcd8 17. Qc2 Qxc2 18. Rxc2 {1-0 (35) Hort,V (2455)-Petrova,K (2310) Podebrady 2012}) 16. Bg4 Rcd8 17. f4 Qa3 18. Bxd7 Rxd7 19. f5 gxf5 (19... b4 $11) 20. Rxf5 $16 e6 21. Rg5 f6 22. Rg3 exd5 23. exd5 Qd6 24. Qf2 {Hoping for Bc5.} Qxd5 25. Bxa7 Qd2 26. Rb1 {With the idea Qxd2.} Qxf2+ 27. Bxf2 Ra8 (27... Rd5 $11) 28. Bd4 (28. Rxb5 $16 Rxa2 29. Bd4) 28... Kf7 (28... Rb7 $11) 29. Rxb5 Rxa2 30. Rf3 Re7 31. Rc5 Ra4 32. Rc6 {[%cal Rd4f6]} Re6 33. Rc7+ Re7 34. Rxe7+ (34. Rc8 $16) 34... Kxe7 {[%mdl 4096] Endgame KRB-KRB} 35. g4 Ra5 36. h4 Kf7 37. Rf4 h6 38. Kg2 Ra6 39. Kf3 Re6 40. Rf5 Bf8 41. Ra5 Be7 (41... Bd6 $16 42. Be3 Be5) 42. Ra7 $18 Ke8 43. Rc7 Re1 44. h5 Ba3 45. Rc6 Bc1 (45... Be7 $142 46. Rxc4 Ra1) 46. Rxf6 ({Not} 46. Rxc4 Bg5 $16) 46... Kd7 47. Rg6 Bd2 48. Ra6 Re8 49. Ra4 Rc8 $2 (49... Rf8+ 50. Kg3 Rc8) 50. Ke4 Rg8 51. Ra7+ Kc6 52. Ra6+ Kb5 53. Rg6 Re8+ 54. Kd5 {White is clearly winning.} Rd8+ 55. Rd6 Rb8 56. Rd7 Bc1 57. Be5 Rg8 58. Rb7+ Ka6 (58... Ka4 $142 59. Bg7 (59. Kxc4 Rxg4+ 60. Bd4 Ka3 $18) 59... Bg5 60. Kxc4 Rc8+ 61. Kd3 Rd8+ 62. Ke4 Ka5) 59. Rg7 Re8 60. Bd4 Rc8 {[#]} 61. g5 $1 {[%mdl 512]} Bxg5 {[#]} 62. Rxg5 $1 {[%mdl 512]} Rd8+ (62... hxg5 63. h6) 63. Ke4 hxg5 64. h6 Rd7 65. Bg7 {Accuracy: White = 64%, Black = 39%.} 1-0

[Event "Peace Tournament 2019"]
[Site "Zagreb"]
[Date "2019.11.27"]
[Round "8.2"]
[White "Nisipeanu, Liviu-Dieter"]
[Black "Bacrot, Etienne"]
[Result "1/2-1/2"]
[WhiteElo "2656"]
[BlackElo "2669"]
[Annotator "TA"]
[PlyCount "64"]
[EventDate "2019.11.19"]
[EventType "tourn"]
[EventCountry "CRO"]
[SourceTitle "playchess.com"]
[Source "ChessBase"]
[SourceQuality "1"]

{[%evp 12,64,15,11,12,15,33,32,24,17,16,5,4,5,24,24,22,18,18,12,14,12,18,9,37,35,37,21,21,24,16,14,37,24,12,10,68,11,15,11,11,11,11,11,11,11,11,6,11,4,4,4,11,11,11]} 1. d4 d5 2. c4 e6 3. Nf3 Be7 4. g3 Nf6 5. Bg2 O-O 6. O-O dxc4 7. Qc2 b6 {E05: Open Catalan: 5 Nf3 Be7} (7... a6 8. a4 Bd7 9. Qxc4 Bc6 10. Bf4 Bd6 11. Qc1 Nbd7 12. Re1 Qe7 13. Nc3 Bxf3 14. Bxf3 Bxf4 15. Qxf4 c6 16. a5 Rad8 17. Red1 e5 18. Qe3 {0-1 (76) Ding,L (2811)-Radjabov,T (2758) Khanty-Mansiysk 2019}) 8. Bg5 Nd5 9. Bxe7 Qxe7 {White is slightly better.} 10. Ne5 Bb7 11. Qxc4 c5 12. Nc3 Nd7 $146 ({Predecessor:} 12... Nxc3 13. Qxc3 Bxg2 14. Kxg2 Nd7 15. Nxd7 Qxd7 {1-0 (47) Turner,M (2517)-Gheorghiu,C (2345) Edinburgh 2019}) 13. Nxd7 Qxd7 14. dxc5 {Rfd1 is the strong threat.} Nxc3 15. Qxc3 Bxg2 16. Kxg2 {Threatens to win with c6.} Rac8 17. Rfd1 Qb5 18. a4 $36 {[%mdl 2048] White has the initiative.} Qc6+ 19. Qf3 Qxc5 20. Rd7 a5 21. Rad1 b5 22. axb5 Qxb5 23. Rb7 Qc6 {[#]} (23... Qe5 $11) 24. Qxc6 (24. Rxf7 $1 $14 {[%mdl 512]} Rxf7 {[#]} 25. Rd8+ $1 {[%mdl 512]} Qe8 26. Rxe8+ Rxe8 27. Qc6) 24... Rxc6 $14 {[%mdl 4096] Endgame KRR-KRR. The position is equal.} 25. Ra1 Rc5 26. Ra7 Rc2 27. b3 Rc3 28. Rb7 Rc5 29. Rd1 g6 30. Rdd7 Rcc8 31. Ra7 Rb8 32. Rxa5 Rxb3 {Accuracy: White = 66%, Black = 60%.} 1/2-1/2

[Event "Peace Tournament 2019"]
[Site "Zagreb"]
[Date "2019.11.27"]
[Round "8.3"]
[White "Kozul, Zdenko"]
[Black "Cheparinov, Ivan"]
[Result "0-1"]
[WhiteElo "2593"]
[BlackElo "2679"]
[Annotator "TA"]
[PlyCount "76"]
[EventDate "2019.11.19"]
[EventType "tourn"]
[EventCountry "CRO"]
[SourceTitle "playchess.com"]
[Source "ChessBase"]
[SourceQuality "1"]

{[%evp 13,76,35,51,27,35,33,32,0,0,0,0,0,0,0,0,0,13,3,19,0,0,-22,-27,-30,-29,-30,0,0,-9,-49,22,18,8,0,29,25,27,0,0,0,0,0,0,0,2,0,46,56,61,52,128,11,8,15,11,0,0,0,0,-1291,-1246,-29992,-29988,-29988,-807]} 1. d4 Nf6 2. c4 e6 3. Nf3 c5 4. d5 d6 5. Nc3 exd5 6. cxd5 g6 7. Bf4 Bg7 8. h3 {A61: Modern Benoni: Nf3 without early e4} O-O 9. e3 $1 Na6 10. Bc4 {White is slightly better.} (10. Bxa6 $5 bxa6 11. Rc1 $11) 10... Nc7 11. a4 a6 12. O-O Rb8 $1 13. a5 b5 14. axb6 $1 Rxb6 15. Ra2 Re8 {[#]} 16. Qd2 $146 Rb4 17. b3 Nb5 18. Na4 Ne4 19. Qc1 g5 20. Bh2 Bf5 21. Kh1 g4 (21... a5 $1 $15) 22. hxg4 $11 Bxg4 23. Nd2 Nec3 24. Nxc3 Nxc3 25. Rxa6 {aiming for f3.} Qh4 26. Qe1 Qh5 $1 ({Much weaker is} 26... Be5 $6 27. f4 $16) 27. f3 Be5 {[%csl Ge5][%cal Rh5h2] [#]} 28. g3 Bh3 $132 {[%mdl 2048] Black is not keeping still} 29. Rg1 Kh8 30. Qf2 {Strongly threatening g4.} f5 31. Ra7 Rg8 (31... Qh6 $1 $14) 32. g4 (32. Bd3 $16) 32... fxg4 {And now ...Nd1! would win.} 33. Bxe5+ dxe5 34. Qh2 {Hoping for d6.} gxf3 {( -> ...Bg2+)} 35. Rxg8+ Kxg8 36. d6+ $2 {[%mdl 8192] [#]} (36. Qg3+ $11 Bg4+ 37. Qh2 (37. Kg1 $2 Rxc4 38. Ra8+ Kf7 $19)) 36... Rxc4 $1 $19 {[%mdl 512]} 37. bxc4 Bg2+ 38. Kg1 Ne2+ {Accuracy: White = 63%, Black = 74%.} 0-1

[Event "Peace Tournament 2019"]
[Site "Zagreb"]
[Date "2019.11.27"]
[Round "8.5"]
[White "Dreev, Aleksey"]
[Black "Stevic, Hrvoje"]
[Result "1/2-1/2"]
[WhiteElo "2671"]
[BlackElo "2563"]
[Annotator "TA"]
[PlyCount "57"]
[EventDate "2019.11.19"]
[EventType "tourn"]
[EventCountry "CRO"]
[SourceTitle "playchess.com"]
[Source "ChessBase"]
[SourceQuality "1"]

{[%evp 14,57,19,17,17,17,17,15,12,11,12,7,14,17,19,15,17,13,16,16,16,19,18,18,20,20,20,13,8,2,17,8,9,9,8,5,14,0,16,7,15,0,0,0,0,0]} 1. d4 d5 2. c4 dxc4 3. e4 e5 4. Nf3 Bb4+ 5. Nc3 exd4 6. Qxd4 Qxd4 7. Nxd4 Nf6 8. f3 {The position is equal.} Bc5 {D20: Queen's Gambit Accepted: 3 e3 and 3 e4} 9. Be3 Nc6 10. Nc2 Bxe3 11. Nxe3 Be6 12. Bxc4 Bxc4 (12... Ke7 13. O-O-O Rhd8 14. Bd5 Na5 15. b3 Rac8 16. g4 {1-0 (41) Ding,L (2805)-Navara,D (2734) Prague 2019}) 13. Nxc4 O-O-O 14. Ke2 Rd4 {[#]} 15. Ne3 $146 ({Predecessor:} 15. b3 Rhd8 16. Rhd1 Rxd1 17. Rxd1 Rxd1 18. Kxd1 {1-0 (41) Indjic,A (2549)-Georgiadis,N (2396) Kocaeli 2013}) 15... Rhd8 {...Rd2+ is the strong threat.} 16. Rhd1 Rxd1 17. Rxd1 Rxd1 18. Kxd1 $11 {[%mdl 4096] Endgame KNN-KNN} Kd7 19. Kd2 Ne8 20. f4 f6 21. Kd3 Nd6 22. a3 Nd8 23. b4 c6 24. g3 Ne6 25. h4 Ke7 26. Ne2 a5 27. Nc3 axb4 28. axb4 b5 29. Nc2 {Accuracy: White = 44%, Black = 83%.} 1/2-1/2

[Event "Peace Tournament 2019"]
[Site "Zagreb"]
[Date "2019.11.27"]
[Round "8.6"]
[White "Ivanchuk, Vassily"]
[Black "Melkumyan, Hrant"]
[Result "1-0"]
[WhiteElo "2679"]
[BlackElo "2661"]
[Annotator "TA"]
[PlyCount "101"]
[EventDate "2019.11.19"]
[EventType "tourn"]
[EventCountry "CRO"]
[SourceTitle "playchess.com"]
[Source "ChessBase"]
[SourceQuality "1"]

{[%evp 15,101,0,18,0,13,12,16,15,55,76,71,68,85,72,68,79,77,80,81,57,69,57,57,55,63,60,51,51,61,43,39,43,60,50,64,22,62,35,80,12,60,40,43,46,57,26,93,89,100,90,95,81,184,179,182,139,225,213,462,470,791,802,860,833,843,764,686,678,674,638,631,396,906,897,847,817,1129,1136,1172,1224,2072,1916,29982,29983,29987,29988,29988,29989]} 1. Nf3 d5 2. d4 Nf6 3. c4 e6 4. Nc3 Bb4 5. e3 O-O 6. Bd3 dxc4 7. Bxc4 c5 8. O-O Nc6 9. Bd3 {E54: Nimzo-Indian: Rubinstein: Main Line: 7...dxc4 8 Bxc4} h6 10. dxc5 Bxc3 $146 ({Predecessor:} 10... Bxc5 11. a3 Bd6 12. b4 Ne5 13. Nxe5 Bxe5 14. Bb2 Nd5 15. Qd2 b6 16. Nxd5 Qxd5 {½-½ (61) Jones,G (2660)-Cornette,M (2606) Porticcio 2017}) 11. bxc3 {The position is equal.} e5 {White must now prevent ...e4.} 12. Bb5 Qxd1 13. Rxd1 Re8 14. Ba3 Bf5 15. Rac1 Ne4 16. h3 Rac8 17. c4 (17. Ba4 {is more complex.} Nf6 18. Rd2 Rc7 19. Bb4 Rcc8 20. Rd6) 17... f6 18. Nd2 Nxd2 19. Rxd2 Re7 20. f3 Be6 21. Kf2 Kf7 22. g4 h5 23. Kg3 Rh8 24. Rd6 hxg4 25. hxg4 (25. fxg4 {with more complications.} Rc8 26. h4 Rcc7 27. Ba4 Rc8 28. h5) 25... Rc7 26. Rcd1 Re8 27. R6d5 (27. Bb4 $16) 27... Rec8 28. f4 {f5 is the strong threat.} exf4+ 29. exf4 a6 30. Ba4 {Threatens to win with f5.} (30. Bxc6 $5 Rxc6 31. R5d4 $14) 30... Re8 (30... Re7 $11) 31. Bc1 $1 $16 Rec8 32. Be3 Re7 33. Bf2 g6 (33... Kg8 $16) 34. Rh1 $1 $18 Kg7 35. Rb1 Na5 {[#]} (35... Rcc7 $16 36. Bb3 Bg8) 36. Rd6 $1 Bxc4 $2 (36... Nc6 37. Bxc6 Rxc6 38. Rxb7 {[%mdl 64] Remove Defender} Rxb7 39. Rxc6 Kf7) 37. Bd4 Re4 (37... Rf8 $142 38. g5 Kg8) 38. Bxf6+ Kf7 39. Rh1 Be6 40. Be5 Nc4 41. Rh7+ Kg8 42. Rg7+ ({Not} 42. Rxe6 Kxh7 43. Bc2 Re2 $16) 42... Kf8 43. Rxg6 Bf7 $2 (43... Nxe5 44. Rgxe6 {[%mdl 64] Pin} Rxa4 45. Rf6+ Ke8) 44. Bg7+ Kg8 {[#]} 45. Rg5 $1 Nxd6 46. Be5+ {[%mdl 64] Discovered Attack, Zwischenzug} Kh7 47. cxd6 {Strongly threatening Rg7+.} Rxa4 48. Rg7+ {[%mdl 64] Double Attack} Kh6 49. Rxf7 {White mates.} Rc1 50. Rf6+ Kh7 51. d7 {Accuracy: White = 77%, Black = 34%.} 1-0

[Event "Peace Tournament 2019"]
[Site "Zagreb"]
[Date "2019.11.28"]
[Round "9.1"]
[White "Melkumyan, Hrant"]
[Black "Bosiocic, Marin"]
[Result "1/2-1/2"]
[WhiteElo "2661"]
[BlackElo "2598"]
[Annotator "TA"]
[PlyCount "134"]
[EventDate "2019.11.19"]
[EventType "tourn"]
[EventCountry "CRO"]
[SourceTitle "playchess.com"]
[Source "ChessBase"]
[SourceQuality "1"]

{[%evp 9,134,0,0,0,0,-2,0,0,0,0,6,0,45,44,54,57,41,40,63,48,55,62,65,76,64,24,85,56,60,58,64,53,93,17,13,17,17,17,16,16,13,24,23,15,60,51,53,45,51,11,37,36,36,36,36,36,38,8,8,8,17,17,17,17,21,21,26,17,17,8,8,8,8,8,8,8,17,8,8,8,8,11,17,0,16,0,8,0,8,0,8,0,8,0,17,8,8,8,12,17,17,17,17,18,18,8,8,8,8,8,31,8,8,8,8,8,8,8,8,8,8,8,8,8,8,8,8]} 1. d4 Nf6 2. c4 e6 3. Nc3 Bb4 4. f3 c5 5. d5 b5 6. e4 {E20: Nimzo-Indian: 4 g3 and 4 f3} O-O 7. Nh3 bxc4 8. Bxc4 exd5 9. Bxd5 Nxd5 10. Qxd5 Qb6 (10... Nc6 11. O-O Ba6 12. Rf2 Re8 13. Bg5 Qb6 14. Be3 {½-½ (23) Firouzja,A (2702)-Ding,L (2811) Khanty-Mansiysk 2019}) 11. O-O (11. Qxa8 $2 Bb7 $17) 11... d6 $146 ({Predecessor:} 11... Na6 12. Be3 Nc7 13. Qh5 Bxc3 14. bxc3 {½-½ (29) Galojan,L (2383)-Kosteniuk,A (2439) Porto Carras 2011}) 12. Nf4 Bxc3 13. bxc3 (13. Qxa8 $2 {is the wrong capture.} Bd4+ 14. Kh1 Bb7 $19) 13... Nc6 14. Be3 Ba6 15. Rfd1 $36 {[%mdl 2048] Black is under pressure.} Rad8 16. Rab1 Qc7 17. Qg5 {[#] Hoping for Nd5.} Ne7 (17... Kh8 $11) 18. h4 Bc4 19. Rd2 f6 20. Qg3 $1 d5 {[#]} 21. Nh5 (21. Qh3 $1 $16 {And now Ne6 would win.} dxe4 22. Ne6 Bxe6 23. Qxe6+ {[%mdl 64] Double Attack} Kh8 24. Qxe4 Rxd2 25. Bxd2) 21... Qxg3 $11 22. Nxg3 dxe4 23. Nxe4 Rxd2 24. Nxd2 Bxa2 25. Ra1 Nf5 26. Bf2 Bd5 27. g4 Nd6 28. Bxc5 Rd8 29. Bxa7 (29. Bxd6 $5 Rxd6 30. Rxa7 $16) 29... Ra8 30. Ra5 Bf7 {Threatens to win with ...Nc8.} 31. Bb6 $1 Rxa5 32. Bxa5 $14 {[%mdl 4096] Endgame KBN-KBN} Nc4 33. Nb3 h5 34. gxh5 Bxh5 35. Kf2 Bf7 36. Bb4 Bd5 37. Nd4 Kf7 38. Kg3 Kg6 39. Bf8 Ne3 40. Kf4 Ng2+ 41. Kg4 Ne3+ 42. Kg3 Bb7 43. Kh2 Bd5 44. Ba3 Kh5 45. Kg3 Kg6 46. Bf8 Bb7 47. Kh2 Bd5 48. Kg1 Bb7 49. Kh2 Bd5 50. Ba3 Kh5 51. Kg3 Kg6 52. Ne2 Nf5+ 53. Kg4 {Black must now prevent Nf4+.} Ne3+ 54. Kf4 Ng2+ 55. Kg3 Bc4 $1 56. Nd4 Ne3 57. Kh2 Nd1 58. Bb4 Ne3 59. Kg1 Nf5 60. Nxf5 (60. h5+ {seems wilder.} Kg5 61. Nxf5 Kxf5 62. Bf8 Bf7 63. Bxg7 Bxh5 64. Kf2) 60... Kxf5 {KB-KB. The position is equal.} 61. Kf2 Bf7 62. Ke3 $1 g5 63. hxg5 fxg5 64. Bd6 Bd5 65. f4 gxf4+ 66. Bxf4 Bf7 67. c4 Bxc4 {Accuracy: White = 48%, Black = 71%.} 1/2-1/2

[Event "Peace Tournament 2019"]
[Site "Zagreb"]
[Date "2019.11.28"]
[Round "9.2"]
[White "Stevic, Hrvoje"]
[Black "Ivanchuk, Vassily"]
[Result "1/2-1/2"]
[WhiteElo "2563"]
[BlackElo "2679"]
[Annotator "TA"]
[PlyCount "38"]
[EventDate "2019.11.19"]
[EventType "tourn"]
[EventCountry "CRO"]
[SourceTitle "playchess.com"]
[Source "ChessBase"]
[SourceQuality "1"]

{[%evp 15,38,39,41,46,33,58,32,35,44,49,38,30,30,30,31,30,31,31,40,29,29,33,32,18,35]} 1. e4 c5 2. c3 d5 3. exd5 Qxd5 4. d4 Nf6 ({Predecessor:} 4... Nc6 5. Nf3 Bg4 6. Be2 {½-½ (17) Szopa,J (1858)-Sisak,R (1842) ICCF email 2016}) 5. Nf3 Nc6 6. Be2 Bg4 7. h3 Bh5 8. c4 Qd6 {[%cal Rc5d4]} 9. d5 {[#] Threatens to win with Qa4. B22: Sicilian: 2 c3} Bxf3 $1 10. Bxf3 Nd4 11. O-O $146 {White is slightly better.} (11. Nc3 g6 12. Be3 Nxf3+ 13. Qxf3 Bg7 14. O-O O-O 15. Rfe1 Rfe8 16. Rad1 a6 {1-0 (41) Adams,M (2675)-Lutz,C (2595) Dortmund 1994}) 11... g6 12. Be3 Nf5 13. Re1 (13. Bg5 {keeps more tension.} Bg7 14. Nc3 O-O 15. Re1 Rfe8 16. b3) 13... Nxe3 14. Rxe3 Bh6 15. Re2 O-O 16. Nc3 a6 17. Qb3 Rab8 18. Rae1 Rfe8 19. a4 b6 1/2-1/2

[Event "Peace Tournament 2019"]
[Site "Zagreb"]
[Date "2019.11.28"]
[Round "9.3"]
[White "Palac, Mladen"]
[Black "Dreev, Aleksey"]
[Result "1/2-1/2"]
[WhiteElo "2550"]
[BlackElo "2671"]
[Annotator "TA"]
[PlyCount "93"]
[EventDate "2019.11.19"]
[EventType "tourn"]
[EventCountry "CRO"]
[SourceTitle "playchess.com"]
[Source "ChessBase"]
[SourceQuality "1"]

{[%evp 22,93,29,17,32,31,11,22,33,17,27,20,24,17,38,23,43,36,30,39,52,23,14,0,0,0,8,8,8,-10,-12,-18,-18,-11,-18,-43,-14,-17,0,0,0,0,0,0,0,0,0,0,0,0,0,-19,-18,-12,-12,-16,0,0,206,229,241,226,179,104,102,82,81,81,87,80,80,8,8,0]} 1. e4 c5 2. Nf3 e6 3. d4 cxd4 4. Nxd4 Nf6 5. Nc3 Nc6 6. Nxc6 bxc6 7. e5 Nd5 8. Ne4 Qc7 9. f4 Qb6 10. c4 Bb4+ 11. Ke2 f5 12. exf6 Nxf6 {B45: Sicilian Four Knights} 13. Be3 Qd8 14. Nd6+ Bxd6 15. Qxd6 Bb7 16. Rd1 (16. Kd1 c5 17. Bd3 Rc8 18. Kc2 Qb6 19. Qxb6 axb6 20. a4 Bxg2 {0-1 (43) Czarnota,P (2532)-Navara,D (2724) Katowice 2019}) 16... Rc8 17. Rg1 c5 18. g4 $1 ({Don't go for} 18. Bxc5 $2 Ne4 $19) 18... h6 19. Bg2 Bxg2 20. Rxg2 Qb6 21. Qxb6 axb6 22. g5 $146 ({Predecessor:} 22. Rd6 Rb8 23. f5 Kf7 24. fxe6+ dxe6 25. Kf3 Rhd8 26. Rxd8 Rxd8 27. h4 {½-½ (27) Jandek,S (2325)-Johansen,S (2139) LSS email 2011}) 22... hxg5 23. fxg5 Nh5 24. Rd6 Rb8 25. Kf3 g6 26. Rgd2 Rb7 27. b4 Ng7 28. R6d3 Nf5 29. bxc5 Rh3+ 30. Ke4 bxc5 31. Bxc5 Rh4+ 32. Ke5 $1 Rxc4 33. Ba3 $1 Ra7 {White must now prevent ...Rca4.} 34. Kf6 Rf4 35. Kxg6 d5 36. Bb2 Nh4+ 37. Kh6 Kf7 {[#] ( -> ...Nf5+)} 38. Kh5 {Strongly threatening Rd4.} Ng6 {[%csl Gg6][%cal Rf4h4]} 39. Rd4 $1 {[%cal Rd4f4] And now Rxf4+ would win.} Rf3 $2 (39... e5 $11 40. Rxf4+ Nxf4+ 41. Kg4 Rxa2) 40. h4 $18 Rxa2 41. Rb4 {[#] Hoping for Rb7+.} Ra7 42. Kg4 (42. Bf6 $18) 42... Rf1 $16 43. h5 Rg1+ 44. Kf3 {Threatens to win with Re2.} Rxg5 45. hxg6+ Kxg6 46. Rf4 ({White should try} 46. Rb8 $16) 46... e5 $11 47. Rg4 {Accuracy: White = 62%, Black = 77%.} 1/2-1/2

[Event "Peace Tournament 2019"]
[Site "Zagreb"]
[Date "2019.11.28"]
[Round "9.4"]
[White "Cheparinov, Ivan"]
[Black "Zelcic, Robert"]
[Result "1-0"]
[WhiteElo "2679"]
[BlackElo "2526"]
[Annotator "TA"]
[PlyCount "59"]
[EventDate "2019.11.19"]
[EventType "tourn"]
[EventCountry "CRO"]
[SourceTitle "playchess.com"]
[Source "ChessBase"]
[SourceQuality "1"]

{[%evp 13,59,19,16,21,29,0,41,41,41,30,33,39,24,35,22,0,27,28,61,67,81,-63,-26,-67,-77,-63,72,58,69,61,81,72,61,57,74,63,266,248,228,218,349,227,628,619,618,600,585,555]} 1. d4 Nf6 2. c4 e6 3. Nf3 Bb4+ 4. Nbd2 O-O 5. a3 Be7 6. e4 d5 7. e5 Nfd7 8. Bd3 {E11: Bogo-Indian} c5 9. h4 {And now Bxh7+! would win.} h6 (9... g6 10. O-O Nc6 11. Nb3 dxc4 12. Bxc4 cxd4 13. Re1 a5 14. Bh6 Re8 15. Rc1 Nb6 {1-0 (39) Ding,L (2804)-Saric,I (2689) Batumi 2018}) 10. Bb1 {White is slightly better.} cxd4 11. Qc2 {[%csl Gb1][%cal Rc2h7]} f5 12. exf6 $146 ({Predecessor:} 12. cxd5 exd5 13. Ba2 Kh8 14. Nb3 Nc6 {1-0 (39) Abasov,N (2608)-Golubka,P (2503) Batumi 2018}) 12... Nxf6 13. O-O Nc6 14. Re1 Bd6 15. b4 Ne7 16. Bb2 e5 {[#]} 17. cxd5 ({White should try} 17. c5 $1 $16 {[%cal Rc5d6]} Bc7 18. Nxe5) 17... Bf5 $15 18. Qb3 Bxb1 19. Raxb1 Kh8 (19... Ng6 $15 {keeps the upper hand.}) 20. Nc4 $16 Ng6 $1 21. Ncxe5 Bxe5 22. Nxe5 ({Reject} 22. Rxe5 $6 Nxe5 23. Nxe5 Kh7 $11) 22... Nxe5 23. Rxe5 {Hoping for Rbe1.} Ng4 24. Re4 Nxf2 $2 (24... Qxh4 $14 25. Qg3 Qxg3 26. fxg3 Ne3) 25. Rxd4 $18 h5 26. Qe3 {aiming for Rf1.} Qf6 (26... Qd6 {was necessary.} 27. Qg5 Rf6) 27. Qe6 Ng4 $2 (27... Qf7 28. Qxf7 Rxf7) 28. Rxg4 {White is clearly winning.} Qxe6 29. Bxg7+ {[%mdl 64] [#] Double Attack} ({Inferior is} 29. dxe6 hxg4 30. Re1 Rfe8 $11) 29... Kh7 30. dxe6 {Accuracy: White = 73%, Black = 42%.} 1-0